| 000 | 00561nam a2200217Ia 4500 | ||
|---|---|---|---|
| 003 | OSt | ||
| 005 | 20230627153812.0 | ||
| 008 | 210423s9999 xx 000 0 und d | ||
| 040 | _cAL | ||
| 041 | _aeng | ||
| 082 |
_a028.1 _223 _bKANS |
||
| 100 |
_aKANANAIKIL (Jose),Ed _9113335 |
||
| 245 | _aSocial action book review supplement | ||
| 260 |
_bIndian Social Institute _c2021 |
||
| 365 | _cINR | ||
| 440 | _v7,1 | ||
| 650 |
_aGeneral _9113336 |
||
| 650 |
_aLibrary Science _9113337 |
||
| 906 | _aaction ; review ; Social ; supplement | ||
| 942 |
_2ddc _cBK |
||
| 999 |
_c173094 _d173094 |
||